| 000 | 00479nam a2200157 4500 | ||
|---|---|---|---|
| 001 | 116326 | ||
| 003 | ES-MaACL | ||
| 005 | 20230906190701.0 | ||
| 007 | t| | ||
| 008 | 061121s1956 sp r ||||1| spa d | ||
| 100 | 1 |
_aOsorio de Oliveira, José. _987772 |
|
| 245 | 1 | 3 |
_aEl arte negro como expresión humana y como valor cultural / _cJosé Osorio de Oliveira. |
| 260 |
_aMadrid : _bIndice, _c1956. |
||
| 300 |
_a88 p., 16 lám. ; _c19 cm. |
||
| 852 |
_aES-MaACL _jC-11429 _bR.38628 |
||
| 999 |
_c116326 _d116326 |
||